Дело о выдаче свидетельства сыну унтер-офицера Александру Богданову

Доступно только в Электронных читальных залах Найти на картеНа карте
RUSMARC
00003887nmc2a22000003x 450
0010251d792-443b-4123-939f-2ef39bed8eca
00520181004132156.0
100##$a20161212l18141814k l0rusy0189 ca
1010#$arus
102##$aRU
2001#$aДело о выдаче свидетельства сыну унтер-офицера Александру Богданову
$j23 мая 1814 г.
251##$cДело
300##$aДело
300##$aОриг. заголовок дела: Дело об унтер-офицерском сыне Александре Богданове. 23 мая 1814 г
801#0$aRU
$bРГИА
$c20161212
$gRCR
801#1$aRU
$bГлавНИВЦ
$c20161212
$2rusmarc
801#2$aRU
$bПБ им. Б.Н. Ельцина
$c20181004
$gRCR
$2rusmarc
850##$aРГИА
852##$aРГИА
$eФедеральное казенное учреждение "Российский государственный исторический архив" (РГИА)
$j1266
937##$hРГИА
$d12235807
$aASBIBLIO_SCAN
462#0$1001dd3991dc-24e1-42ec-8838-ca4255420416
$12001
$a1746-1850 гг.
$1251
$cОпись
$1852
$j1
461#0$10019264ebf8-de62-4f1a-9eb4-9f22098dbbd5
$12001
$aДирекция императорских театров МИДв
$1251
$cФонд
$1852
$j497
215##$a6 л.
$d36,5х26 см
371##$aДокумент не является опубликованным и широко распространяемым
105##$ay###
1222#$ad
5171#$aДело об унтер-офицерском сыне Александре Богданове. 23 мая 1814 г
035##$a0251d792-443b-4123-939f-2ef39bed8eca
856##$uhttp://readingroom.main.prlib.ru/item.aspx?id_node=n118868741&mode=full
Формат отображения